| 000 | 004940000a22001810004500 | ||
|---|---|---|---|
| 001 | 1628 | ||
| 003 | CO-MdFUSB | ||
| 005 | 20170615143555.0 | ||
| 008 | 170615b xxu||||| |||| 00| 0 eng d | ||
| 020 | _a84-494-3346-0 | ||
| 040 | _cCO-MdBIC | ||
| 082 | 0 | 4 | _a863C Ed951m |
| 100 | 1 | _aEdwards, Becky | |
| 245 | 1 | 0 | _aMi primer día de colegio / Becky Edwards ; ilustraciones de Anthony Flintoft ; traducción de Laura de la Torre |
| 260 | _aMadrid : Océano | ||
| 300 | _a28 P. | ||
| 942 | _cLGB | ||
| 999 |
_c48786 _d48786 |
||